Guess player on the cover of the NHL video game - Statistics

General Stats
  • This quiz has been taken 28 times
  • The average score is 13 of 28
Answer Stats
Player NHL % Correct
NHL 2025 Jack Hughes
92%
NHL 2019 P.K. Subban
83%
NHL 2020 Auston Matthews
75%
NHL 2022 Auston Matthews
71%
NHL 2024 Cale Makar
71%
NHL 2018 Connor Mcdavid
71%
NHL 2021 Alex Ovechkin
67%
NHL 2016 Jonathan Toews
67%
NHL 2023 Trevor Zegras
67%
NHL 2013 Claude Giroux
58%
NHL 2014 Martin Brodeur
58%
NHL 2012 Steven Stamkos
58%
NHL 2015 Patrice Bergeron
54%
NHL 2010 Patrick Kane
46%
NHL 2017 Vladimir Tarasenko
46%
NHL 2011 Jonathan Toews
42%
NHL 2008 Eric Staal
38%
NHL 2007 Alex Ovechkin
33%
NHL 2009 Dion Phaneuf
33%
NHL slapshot Wayne Gretzky
29%
NHL 2003 Jarome Iginla
25%
NHL 2002 Mario Lemieux
25%
NHL 2006 Vincent Lecavalier
25%
NHL 2000 Chris Pronger
21%
NHL 2004 Dany Heatley
21%
NHL 2005 Marcus Naslund
21%
NHL 1999 Eric Lindros
17%
NHL 2001 Owen Nolan
17%
No matching quizzes found
Score Distribution
Percent of People with Each Score
Percentile by Number Answered
Your Score History
You have not taken this quiz